000 00842nam a22002777a 4500
001 BR8803735
003 BR-BrBNA
005 20230928092942.0
007 ta
008 230509b bl.||||| |||| 00| 0 por d
040 _aBR-BrBNA
_bpor
_cBiblioteca Nacional de Agricultura
041 _a(Por)
072 _aF06
_b/G514
090 _ F06 BR8803735
110 1 _aPrograma Nacional para Aproveitamento de Varzeas Irrigaveis, Brasilia, DF (Brasil)
_98051
245 1 _aRoteiro basico para elaboracao dos projetos estaduais de aproveitamento racional das varzeas. v. 2
260 3 _aBrasilia, DF (Brasil):
_c1981.
300 _a49 p.
650 _aPROJETO DE DESENVOLVIMENTO
650 _aCONSERVACAO DO SOLO
650 _aDRENAGEM
650 _aIRRIGACAO
650 _aCUSTO
909 _a202309
_bLucia
_c55
_dLucia Elande
942 _cBK
999 _c42182
_d42182